Leadership For Leaders
| Main Author: | |
|---|---|
| Format: | Book |
| Published: |
UK :
Thorogood Publishers Limited ,
2006
|
| Subjects: |
MARC
| LEADER | 00000cam a2200000 7i4500 | ||
|---|---|---|---|
| 001 | 0000045420 | ||
| 005 | 20160125.0 | ||
| 008 | 150207 | ||
| 020 | |a 8130902230 | ||
| 020 | |a 9788130902234 | ||
| 090 | 0 | 0 | |a 658.4092 |b WIL |
| 100 | 1 | |a Williams, Michael | |
| 245 | 1 | 0 | |a Leadership For Leaders |c Michael Williams |
| 260 | |a UK : |b Thorogood Publishers Limited , |c 2006 | ||
| 650 | 0 | |a Leadership | |
| 999 | |a 0001392959 |b Book |c Adult Collection |e Cawangan Tmn. Ungku Tun Aminah | ||